[Event "Veyangoda Queenstar op"]
[Site "Veyangoda"]
[Date "2023.04.18"]
[Round "5"]
[White "Majumder, Shrayan"]
[Black "Galappaththi, Chinthaka Anuruddh"]
[Result "1/2-1/2"]
[WhiteElo "1821"]
[BlackElo "1974"]
[PlyCount "65"]
[EventDate "2023.04.16"]
[EventType "swiss"]
[EventRounds "9"]
[EventCountry "SRI"]
[SourceTitle "EXT 2024"]
[Source "ChessBase"]
[SourceDate "2023.10.10"]
[SourceVersion "1"]
[SourceVersionDate "2023.10.10"]
[SourceQuality "1"]

1. d4 Nf6 2. c4 g6 3. Nc3 Bg7 4. e4 d6 5. Be2 0-0 6. Be3 e5 7. d5 a5 8. g4 Na6 9. g5 Ne8 10. h4 f5 11. gxf6 Nxf6 12. h5 Nc5 13. hxg6 hxg6 14. Bf3 Kf7 15. Nh3 Bxh3 16. Rxh3 Qd7 17. Rg3 Rh8 18. Ke2 Bh6 19. Qg1 Rag8 20. Bxh6 Rxh6 21. Qg2 Ke8 22. Rh1 Qh7 23. Rgh3 Rxh3 24. Rxh3 Qg7 25. Qg5 Kf7 26. Bg4 Rh8 27. Rf3 Ke7 28. Bf5 Rg8 29. Rg3 Kf7 30. Qh4 Qh7 31. Qxh7+ Nxh7 32. Bg4 Nf6 33. f3 1/2-1/2

[Event "Veyangoda Queenstar op"]
[Site "Veyangoda"]
[Date "2023.04.16"]
[Round "2"]
[White "Perera, AA Senuth Thewsas"]
[Black "Galappaththi, Chinthaka Anuruddh"]
[Result "0-1"]
[WhiteElo "1173"]
[BlackElo "1974"]
[PlyCount "60"]
[EventDate "2023.04.16"]
[EventType "swiss"]
[EventRounds "9"]
[EventCountry "SRI"]
[SourceTitle "EXT 2024"]
[Source "ChessBase"]
[SourceDate "2023.10.10"]
[SourceVersion "1"]
[SourceVersionDate "2023.10.10"]
[SourceQuality "1"]

1. d4 Nf6 2. Bf4 g6 3. Nc3 Bg7 4. e4 d6 5. Be2 c5 6. dxc5 Qa5 7. Qd2 Qxc5 8. f3 Be6 9. Bb5+ Nbd7 10. Nge2 a6 11. Bd3 Ne5 12. Be3 Qc7 13. 0-0 0-0 14. Nd4 Bd7 15. Be2 Nc4 16. Bxc4 Qxc4 17. h3 Rac8 18. f4 b5 19. Qd3 b4 20. Nce2 e5 21. fxe5 dxe5 22. Nf3 Qxc2 23. Qxc2 Rxc2 24. Nxe5 Rxe2 25. Rxf6 Be6 26. Bg5 Rxe4 27. Ng4 Bxg4 28. hxg4 Rxg4 29. Rxa6 Rxg5 30. Rf1 Bxb2 0-1

[Event "Delkanda Inter Club-chT"]
[Site "Delkanda"]
[Date "2021.02.26"]
[Round "2.3"]
[White "Galappaththi, Chinthaka Anuruddh"]
[Black "Piyumantha, M Sasith Nipun"]
[Result "1/2-1/2"]
[WhiteElo "2026"]
[BlackElo "2238"]
[PlyCount "28"]
[EventDate "2021.02.26"]
[EventType "team-tourn"]
[EventRounds "9"]
[EventCountry "SRI"]
[SourceTitle "EXT 2022"]
[Source "ChessBase"]
[SourceDate "2021.10.06"]
[SourceVersion "1"]
[SourceVersionDate "2021.10.06"]
[SourceQuality "1"]
[WhiteTeam "Kandy YMCA"]
[BlackTeam "Sokians CC"]
[WhiteTeamCountry "SRI"]
[BlackTeamCountry "SRI"]

1. c4 c5 2. Nc3 Nc6 3. g3 g6 4. Bg2 Bg7 5. e3 e5 6. d3 Nge7 7. Nge2 d6 8. 0-0 0-0 9. a3 f5 10. Rb1 a5 11. Nd5 Be6 12. Nec3 Kh8 13. Bd2 b6 14. b4 Rc8 1/2-1/2

[Event "Nugegoda Sri Lanka GP 7th"]
[Site "Nugegoda"]
[Date "2020.07.19"]
[Round "11"]
[White "Silva, Kevin Ranidu"]
[Black "Galappaththi, Chinthaka Anuruddh"]
[Result "1/2-1/2"]
[WhiteElo "2005"]
[BlackElo "2085"]
[PlyCount "38"]
[EventDate "2020.07.11"]
[EventType "tourn"]
[EventRounds "11"]
[EventCountry "SRI"]
[SourceTitle "EXT 2021"]
[Source "ChessBase"]
[SourceDate "2020.10.23"]
[SourceVersion "1"]
[SourceVersionDate "2020.10.23"]
[SourceQuality "1"]

1. e4 c6 2. d4 d5 3. e5 Bf5 4. Nf3 h6 5. Nbd2 e6 6. Nb3 Nd7 7. Be3 b6 8. c4 Bb4+ 9. Nbd2 Ne7 10. a3 Bxd2+ 11. Qxd2 Be4 12. Bd3 Bxd3 13. Qxd3 Nf5 14. Bd2 0-0 15. cxd5 cxd5 16. 0-0 Nh4 17. Nxh4 Qxh4 18. Rac1 Rfc8 19. Be3 Qd8 1/2-1/2

[Event "Nugegoda Sri Lanka GP 7th"]
[Site "Nugegoda"]
[Date "2020.07.12"]
[Round "4"]
[White "Galappaththi, Chinthaka Anuruddh"]
[Black "De Silva, Elath Mathanga"]
[Result "1-0"]
[WhiteElo "2085"]
[BlackElo "1815"]
[PlyCount "57"]
[EventDate "2020.07.11"]
[EventType "tourn"]
[EventRounds "11"]
[EventCountry "SRI"]
[SourceTitle "EXT 2021"]
[Source "ChessBase"]
[SourceDate "2020.10.23"]
[SourceVersion "1"]
[SourceVersionDate "2020.10.23"]
[SourceQuality "1"]

1. c4 e5 2. Nc3 Nc6 3. g3 Nf6 4. Bg2 Bc5 5. e3 d6 6. Nge2 0-0 7. 0-0 Re8 8. d3 a5 9. a3 Bf5 10. h3 h6 11. Re1 Qd7 12. Kh2 Nh7 13. Nd5 Ng5 14. g4 Be6 15. Ng3 Nd8 16. Nc3 f5 17. f4 exf4 18. exf4 Bf2 19. fxg5 Bxe1 20. Qxe1 fxg4 21. gxh6 Nc6 22. hxg7 Qxg7 23. Nh5 Qh8 24. Qh4 Kf7 25. Ne4 g3+ 26. Kh1 Ne5 27. Be3 Nxd3 28. Rf1+ Nf2+ 29. Nxf2 1-0

[Event "Nugegoda Sri Lanka GP 7th"]
[Site "Nugegoda"]
[Date "2020.07.11"]
[Round "2"]
[White "Wiratunga, Jenith"]
[Black "Galappaththi, Chinthaka Anuruddh"]
[Result "0-1"]
[WhiteElo "1584"]
[BlackElo "2085"]
[PlyCount "82"]
[EventDate "2020.07.11"]
[EventType "tourn"]
[EventRounds "11"]
[EventCountry "SRI"]
[SourceTitle "EXT 2021"]
[Source "ChessBase"]
[SourceDate "2020.10.23"]
[SourceVersion "1"]
[SourceVersionDate "2020.10.23"]
[SourceQuality "1"]

1. Nf3 Nf6 2. d4 c5 3. d5 d6 4. Nc3 Bf5 5. h3 h6 6. e3 e5 7. dxe6 fxe6 8. Bd3 Bxd3 9. Qxd3 Nc6 10. Qg6+ Kd7 11. 0-0 Qe8 12. Qd3 Rd8 13. e4 Kc8 14. Re1 g5 15. Be3 Rg8 16. Ne2 g4 17. hxg4 Nxg4 18. Ng3 h5 19. a3 Nge5 20. Qe2 Nxf3+ 21. Qxf3 h4 22. Nf1 Bg7 23. Rab1 Qg6 24. b4 Bc3 25. Red1 Rdf8 26. Qh3 Nd4 27. Bxd4 Bxd4 28. Rxd4 cxd4 29. f3 Qf6 30. Kh1 Kb8 31. Rd1 Rg6 32. Qh2 e5 33. Qh3 Rh8 34. Kg1 Rhg8 35. Rd2 Qf4 36. a4 Qf7 37. b5 Qc4 38. Qd7 Qxa4 39. c3 dxc3 40. Rxd6 Rxg2+ 41. Kh1 Qc2 0-1

[Event "SRI-chB"]
[Site "Maharaga"]
[Date "2020.03.14"]
[Round "8.15"]
[White "Galappaththi, Chinthaka Anuruddh"]
[Black "Lakshitha, HH Sasindu"]
[Result "1-0"]
[WhiteElo "2097"]
[BlackElo "1671"]
[PlyCount "151"]
[EventDate "2020.03.06"]
[EventType "swiss"]
[EventRounds "11"]
[EventCountry "SRI"]
[SourceTitle "CBM 195 Extra"]
[Source "ChessBase"]
[SourceDate "2020.05.31"]
[SourceVersion "1"]
[SourceVersionDate "2020.05.31"]
[SourceQuality "1"]

1. c4 g6 2. Nc3 Bg7 3. g3 Nf6 4. Bg2 0-0 5. d3 c5 6. Nh3 Nc6 7. Nf4 e6 8. 0-0 a6 9. e3 Qc7 10. Rb1 Rd8 11. a3 Ne7 12. e4 Rb8 13. Be3 b5 14. cxb5 axb5 15. a4 bxa4 16. Nxa4 d6 17. Qe2 Ba6 18. Rfc1 Qd7 19. b3 Nc6 20. Qd1 Nb4 21. e5 dxe5 22. Nxc5 Qb5 23. Ne2 Nfd5 24. Rc4 Nxe3 25. fxe3 Qb6 26. Nxa6 Qxe3+ 27. Kh1 Nxa6 28. b4 Rxd3 29. Qf1 Rb3 30. Rxb3 Qxb3 31. Nc1 Qa4 32. Bc6 Qa3 33. b5 Nc7 34. Qd3 Qxd3 35. Nxd3 Nd5 36. Nc5 Nb6 37. Rc2 Bf8 38. Nb7 f5 39. Ra2 e4 40. Ra6 Nd5 41. Kg2 Nb4 42. Ra4 Rc8 43. Bd7 Rc2+ 44. Kh3 Kf7 45. b6 g5 46. Nd8+ Ke7 47. Nxe6 g4+ 48. Kh4 Bh6 49. h3 Rh2 50. Nf4 Bxf4 51. gxf4 Rxh3+ 52. Kg5 Kxd7 53. Rxb4 Kc8 54. Kxf5 g3 55. Rb1 e3 56. Kg4 Rh6 57. Kxg3 Re6 58. f5 Rf6 59. Kf4 e2 60. b7+ Kb8 61. Re1 Kxb7 62. Rxe2 Rf7 63. Rd2 Kc7 64. Ke5 Rd7 65. Rc2+ Kd8 66. Kf6 Rd6+ 67. Kf7 Rd7+ 68. Ke6 Re7+ 69. Kf6 Rb7 70. Re2 Rb6+ 71. Kg7 Rb7+ 72. Kf8 Rd7 73. f6 Rd4 74. f7 Rf4 75. Re8+ Kd7 76. Kg7 1-0

[Event "SRI-ch"]
[Site "Nugegoda"]
[Date "2019.07.06"]
[Round "9"]
[White "Thilakarathne, GM Harshana"]
[Black "Galappaththi, Chinthaka Anuruddh"]
[Result "1/2-1/2"]
[WhiteElo "2405"]
[BlackElo "2082"]
[PlyCount "56"]
[EventDate "2019.06.29"]
[EventType "tourn"]
[EventRounds "13"]
[EventCountry "SRI"]
[SourceTitle "EXT 2020"]
[Source "ChessBase"]
[SourceDate "2019.10.17"]
[SourceVersion "1"]
[SourceVersionDate "2019.10.17"]
[SourceQuality "1"]

1. e4 e6 2. d4 d5 3. Nd2 Nf6 4. e5 Nfd7 5. Bd3 c5 6. c3 Nc6 7. Ne2 cxd4 8. cxd4 f6 9. Nf4 Nxd4 10. Qh5+ Ke7 11. Ng6+ hxg6 12. exf6+ Nxf6 13. Qxh8 Kf7 14. 0-0 e5 15. Nb3 Nxb3 16. axb3 Bf5 17. Bxf5 gxf5 18. Bg5 Qb6 19. Bxf6 Kxf6 20. Qh4+ Kf7 21. Qh5+ Kf6 22. Qh4+ Kf7 23. Qa4 Bd6 24. Qa5 Qxa5 25. Rxa5 Ke6 26. Rfa1 a6 27. Rb5 Rb8 28. Rxa6 Ra8 1/2-1/2

[Event "SRI-ch"]
[Site "Nugegoda"]
[Date "2019.07.05"]
[Round "7"]
[White "Dissanayake, RKT"]
[Black "Galappaththi, Chinthaka Anuruddh"]
[Result "0-1"]
[WhiteElo "1865"]
[BlackElo "2082"]
[PlyCount "72"]
[EventDate "2019.06.29"]
[EventType "tourn"]
[EventRounds "13"]
[EventCountry "SRI"]
[SourceTitle "EXT 2020"]
[Source "ChessBase"]
[SourceDate "2019.10.17"]
[SourceVersion "1"]
[SourceVersionDate "2019.10.17"]
[SourceQuality "1"]

1. e4 e6 2. d4 d5 3. Nc3 Bb4 4. Nge2 dxe4 5. a3 Be7 6. Nxe4 Nd7 7. g3 Ngf6 8. Nxf6+ Nxf6 9. Bg2 h5 10. Bg5 Nd5 11. Bxe7 Qxe7 12. c4 Nf6 13. Qc2 h4 14. 0-0-0 0-0 15. Nc3 c6 16. Rhe1 Bd7 17. Qd2 Rab8 18. c5 b6 19. Qg5 Nd5 20. gxh4 f6 21. Nxd5 cxd5 22. Qxd5 Rfc8 23. Qc4 bxc5 24. d5 Bb5 25. Qc3 Ba4 26. Rd2 c4 27. d6 Qd8 28. Re3 Rb3 29. Qd4 c3 30. Rxc3 Rcxc3+ 31. bxc3 Qa5 32. Rd3 Rxa3 33. d7 Ra1+ 34. Kb2 Bxd7 35. Qc4 Qa3+ 36. Kc2 Qa2+ 0-1

[Event "SRI-ch"]
[Site "Nugegoda"]
[Date "2019.07.01"]
[Round "6"]
[White "Galappaththi, Chinthaka Anuruddh"]
[Black "Danushka, MAN"]
[Result "1-0"]
[WhiteElo "2082"]
[BlackElo "1851"]
[PlyCount "86"]
[EventDate "2019.06.29"]
[EventType "tourn"]
[EventRounds "13"]
[EventCountry "SRI"]
[SourceTitle "EXT 2020"]
[Source "ChessBase"]
[SourceDate "2019.10.17"]
[SourceVersion "1"]
[SourceVersionDate "2019.10.17"]
[SourceQuality "1"]

1. Nf3 d5 2. g3 Nf6 3. Bg2 c6 4. d3 e6 5. 0-0 Nbd7 6. Nbd2 Bd6 7. e4 Qb6 8. Qe2 e5 9. d4 0-0 10. dxe5 Nxe5 11. Nxe5 Bxe5 12. exd5 Re8 13. Nc4 Qa6 14. Qd3 Bc7 15. dxc6 bxc6 16. Ne3 Qb6 17. c4 Be6 18. Qc2 Rab8 19. b3 a5 20. Bd2 Rbd8 21. Bc3 Ng4 22. Nxg4 Bxg4 23. Rfe1 c5 24. Be4 Qh6 25. f3 Be5 26. Bd5 Bxc3 27. Qxc3 Be6 28. Rad1 Bxd5 29. Rxd5 Qb6 30. Rde5 Rxe5 31. Rxe5 h6 32. Qe3 Rd4 33. Rd5 Rxd5 34. cxd5 Kh7 35. Kg2 Qd6 36. Qe4+ g6 37. f4 Kg7 38. Qe5+ Qxe5 39. fxe5 Kf8 40. Kf3 Ke7 41. Ke4 f5+ 42. Kd3 g5 43. a4 h5 1-0

[Event "SRI-ch"]
[Site "Nugegoda"]
[Date "2019.06.29"]
[Round "2"]
[White "Galappaththi, Chinthaka Anuruddh"]
[Black "Ariyawansa, KAPM"]
[Result "0-1"]
[WhiteElo "2082"]
[BlackElo "1787"]
[PlyCount "74"]
[EventDate "2019.06.29"]
[EventType "tourn"]
[EventRounds "13"]
[EventCountry "SRI"]
[SourceTitle "EXT 2020"]
[Source "ChessBase"]
[SourceDate "2019.10.17"]
[SourceVersion "1"]
[SourceVersionDate "2019.10.17"]
[SourceQuality "1"]

1. Nf3 Nf6 2. d4 g6 3. c4 Bg7 4. Nc3 d5 5. cxd5 Nxd5 6. Bd2 0-0 7. e4 Nxc3 8. Bxc3 c5 9. d5 e6 10. Be2 exd5 11. exd5 Nd7 12. 0-0 Nb6 13. d6 Be6 14. Bxg7 Kxg7 15. Qd2 Nd5 16. Rfd1 Qxd6 17. Bc4 Rad8 18. Bxd5 Bxd5 19. Qc3+ Qf6 20. Ne5 b6 21. f4 Kg8 22. g3 Qf5 23. Rd2 Qe4 24. Rf1 Qh1+ 25. Kf2 Qxh2+ 26. Ke1 Qh5 27. Rff2 Qh1+ 28. Rf1 Qh3 29. Rff2 f6 30. Nc4 Qh1+ 31. Rf1 Rfe8+ 32. Ne3 Qe4 33. Re2 Bf7 34. Kf2 Rd3 35. Qc1 Bd5 36. Rfe1 Qf3+ 37. Kg1 Rdxe3 0-1

[Event "Nugegoda GP 6th"]
[Site "Nugegoda"]
[Date "2019.05.31"]
[Round "6"]
[White "Galappaththi, Chinthaka Anuruddh"]
[Black "Dissanayaka, Yadeesha Rashmane"]
[Result "1-0"]
[WhiteElo "2077"]
[BlackElo "1610"]
[PlyCount "123"]
[EventDate "2019.05.25"]
[EventType "tourn"]
[EventRounds "11"]
[EventCountry "SRI"]
[SourceTitle "CBM 190 Extra"]
[Source "ChessBase"]
[SourceDate "2019.07.15"]
[SourceVersion "1"]
[SourceVersionDate "2019.07.15"]
[SourceQuality "1"]

1. Nf3 Nf6 2. d4 e6 3. e3 b6 4. Bd3 Bb7 5. Nbd2 d5 6. 0-0 Bd6 7. b3 0-0 8. Bb2 c5 9. Re1 Nbd7 10. Ne5 Rc8 11. Nf1 Rc7 12. Qe2 Qe7 13. Ng3 Ne4 14. Nxd7 Qxd7 15. dxc5 bxc5 16. Nh5 f6 17. f3 Ng5 18. h4 Nf7 19. Bxf6 g6 20. Bg7 gxh5 21. Bxf8 Bxf8 22. f4 Nd6 23. Qxh5 Qf7 24. Qg4+ Bg7 25. Rad1 Kh8 26. c4 d4 27. e4 Re7 28. Re2 Bc8 29. Qg5 Nb7 30. e5 h6 31. Qg3 Nd8 32. Rf1 Nc6 33. Be4 Nd8 34. Bg6 Qg8 35. h5 Bd7 36. Qh4 Qf8 37. g4 Nf7 38. Qg3 Qg8 39. Rfe1 Qc8 40. f5 exf5 41. Bxf7 Rxf7 42. e6 f4 43. exd7 Qxd7 44. Re8+ Bf8 45. Qf3 d3 46. R8e4 Qd6 47. Rd1 d2 48. Re2 Bg7 49. Rdxd2 Bd4+ 50. Kg2 Qf6 51. Re8+ Kg7 52. Rde2 Be3 53. R8xe3 fxe3 54. Qxf6+ Rxf6 55. Rxe3 Ra6 56. a4 Rb6 57. Kf3 Rb7 58. Rd3 Rc7 59. Ke4 Re7+ 60. Kf5 Rb7 61. Ke6 a5 62. Kd6 1-0

[Event "Negambo op 4th"]
[Site "Negambo"]
[Date "2018.08.19"]
[Round "8"]
[White "Galappaththi, Chinthaka Anuruddh"]
[Black "Amarasinghe, AACB"]
[Result "1-0"]
[WhiteElo "2028"]
[BlackElo "1912"]
[PlyCount "89"]
[EventDate "2018.08.16"]
[EventType "swiss"]
[EventRounds "10"]
[EventCountry "SRI"]
[SourceTitle "CBM 186 Extra"]
[Source "ChessBase"]
[SourceDate "2018.08.24"]
[SourceVersion "1"]
[SourceVersionDate "2018.08.24"]
[SourceQuality "1"]

1. Nf3 d5 2. c4 c6 3. e3 Nf6 4. Nc3 Bg4 5. Qb3 Qb6 6. Ne5 e6 7. Nxg4 Nxg4 8. d4 Nd7 9. Qc2 Ngf6 10. Be2 Be7 11. 0-0 0-0 12. Rd1 Bb4 13. a3 Bxc3 14. bxc3 Qc7 15. a4 e5 16. Ba3 Rfc8 17. Rac1 e4 18. Qb3 Nb6 19. c5 Nbd7 20. c4 Re8 21. Rd2 g6 22. Rb2 Rab8 23. Qc2 h6 24. h3 Kg7 25. Qd1 Nf8 26. Rc3 Ne6 27. Rcb3 Nd8 28. Bb4 dxc4 29. Bxc4 Nd5 30. Bd2 f5 31. Qe1 Ne6 32. Qb1 Re7 33. a5 f4 34. a6 b5 35. Bxd5 cxd5 36. Rxb5 Rxb5 37. Rxb5 f3 38. Rb7 Qd8 39. Rxe7+ Qxe7 40. Qb7 Kf6 41. Qxd5 Nc7 42. Qc6+ Kg7 43. Ba5 Nxa6 44. Qxa6 fxg2 45. Qd6 1-0

[Event "SRI-ch"]
[Site "Colombo"]
[Date "2017.08.15"]
[Round "9"]
[White "Galappaththi, Chinthaka Anuruddh"]
[Black "Doluweera, Minul Sanjula"]
[Result "0-1"]
[WhiteElo "2060"]
[BlackElo "2108"]
[PlyCount "62"]
[EventDate "2017.08.10"]
[EventType "tourn"]
[EventRounds "13"]
[EventCountry "SRI"]
[SourceTitle "CBM 180 Extra"]
[Source "ChessBase"]
[SourceDate "2017.10.06"]
[SourceVersion "1"]
[SourceVersionDate "2017.10.06"]
[SourceQuality "1"]

1. Nf3 d5 2. g3 c6 3. Bg2 Bg4 4. d3 Nd7 5. Nbd2 e5 6. 0-0 Ngf6 7. e4 Bd6 8. c3 0-0 9. Qc2 a5 10. Re1 Re8 11. Nf1 dxe4 12. dxe4 a4 13. Bg5 h6 14. Rad1 Nc5 15. Bc1 Qc7 16. b4 axb3 17. axb3 Be6 18. N3d2 b5 19. Ne3 Bf8 20. c4 b4 21. Bb2 g6 22. Nf3 Bg4 23. Nxg4 Nxg4 24. Bh3 Nf6 25. Nxe5 Rxe5 26. f4 Rxe4 27. Bxf6 Rae8 28. Rxe4 Nxe4 29. Be5 Qa7+ 30. Kf1 Qe3 31. Bg2 Bc5 0-1

[Event "SRI-ch"]
[Site "Colombo"]
[Date "2017.08.13"]
[Round "7"]
[White "Galappaththi, Chinthaka Anuruddh"]
[Black "Amarasinghe, AACB"]
[Result "0-1"]
[WhiteElo "2060"]
[BlackElo "1982"]
[PlyCount "82"]
[EventDate "2017.08.10"]
[EventType "tourn"]
[EventRounds "13"]
[EventCountry "SRI"]
[SourceTitle "CBM 180 Extra"]
[Source "ChessBase"]
[SourceDate "2017.10.06"]
[SourceVersion "1"]
[SourceVersionDate "2017.10.06"]
[SourceQuality "1"]

1. Nf3 d5 2. d4 Nf6 3. Bf4 c5 4. e3 Nc6 5. c3 e6 6. Nbd2 cxd4 7. exd4 Nh5 8. Bg5 f6 9. Be3 Bd6 10. g3 0-0 11. Be2 f5 12. Ne5 f4 13. Bxh5 fxe3 14. fxe3 Bxe5 15. dxe5 Qb6 16. Rf1 Bd7 17. Nb3 Qxe3+ 18. Qe2 Qxe5 19. Nc5 Bc8 20. Bg4 Qxe2+ 21. Kxe2 b6 22. Nd3 e5 23. Bxc8 Raxc8 24. Ke3 Rf6 25. Rxf6 gxf6 26. Rf1 Kf7 27. g4 Rg8 28. h3 h5 29. b4 Ke6 30. Rg1 hxg4 31. hxg4 Rg5 32. b5 Na5 33. a4 Nc4+ 34. Ke2 Nd6 35. Nf2 Rg7 36. Kd3 Rc7 37. Ra1 e4+ 38. Kd2 Nc4+ 39. Ke2 Ne5 40. Kd2 Rg7 41. Rg1 Nf3+ 0-1

[Event "SRI-ch"]
[Site "Colombo"]
[Date "2017.08.12"]
[Round "4"]
[White "Kandearachchi, Niranga"]
[Black "Galappaththi, Chinthaka Anuruddh"]
[Result "0-1"]
[WhiteElo "1992"]
[BlackElo "2060"]
[PlyCount "40"]
[EventDate "2017.08.10"]
[EventType "tourn"]
[EventRounds "13"]
[EventCountry "SRI"]
[SourceTitle "CBM 180 Extra"]
[Source "ChessBase"]
[SourceDate "2017.10.06"]
[SourceVersion "1"]
[SourceVersionDate "2017.10.06"]
[SourceQuality "1"]

1. d4 Nf6 2. c4 e6 3. Nf3 d5 4. g3 c6 5. Bg2 Nbd7 6. Qc2 b6 7. 0-0 Bb7 8. Bg5 Be7 9. Nbd2 0-0 10. Rfd1 e5 11. cxd5 Nxd5 12. Bxe7 Qxe7 13. a3 Rac8 14. e4 N5f6 15. Qd3 exd4 16. e5 Nd5 17. Qxd4 Rc7 18. Rac1 Nc5 19. b4 Na4 20. Ne4 Rfc8 0-1

[Event "Asian Club Champions League"]
[Site "Hikkaduwa"]
[Date "2017.08.03"]
[Round "2.2"]
[White "Galappaththi, Chinthaka Anuruddh"]
[Black "Lane, Gary William"]
[Result "0-1"]
[WhiteElo "2060"]
[BlackElo "2400"]
[PlyCount "112"]
[EventDate "2017.08.02"]
[EventType "swiss"]
[EventRounds "5"]
[EventCountry "SRI"]
[SourceTitle "EXT 2024"]
[Source "ChessBase"]
[SourceDate "2023.10.10"]
[SourceVersion "1"]
[SourceVersionDate "2023.10.10"]
[SourceQuality "1"]
[WhiteTeam "Sri Lanka"]
[BlackTeam "Sydney"]
[WhiteTeamCountry "SRI"]
[BlackTeamCountry "AUS"]

1. d4 d5 2. c4 dxc4 3. Qa4+ Nc6 4. e3 e5 5. dxe5 Bd7 6. e6 Bxe6 7. Bxc4 Bb4+ 8. Bd2 Bxc4 9. Bxb4 Qg5 10. Nd2 b5 11. Ngf3 Qxg2 12. Rg1 Qxg1+ 13. Nxg1 bxa4 14. Bc3 f6 15. Nxc4 Nge7 16. e4 0-0-0 17. Ne2 Rhe8 18. f3 Ng6 19. Kf2 Nce5 20. Nxe5 fxe5 21. Ke3 Rd7 22. a3 Red8 23. Rg1 Rd3+ 24. Kf2 Rf8 25. Rg3 Rf7 26. Nc1 Rd1 27. Ne2 Kd7 28. Rh3 h6 29. Rg3 Rf6 30. h4 Rh1 31. Rg4 Rxh4 32. Rxh4 Nxh4 33. f4 g5 34. Bxe5 Rf7 35. Bd4 gxf4 36. Bxa7 Ke7 37. Nc3 Rg7 38. Nxa4 f3 39. Kf1 Ke6 40. Bf2 Ng2 41. Bd4 Rg8 42. Nc5+ Ke7 43. Kf2 Nh4 44. a4 Rg2+ 45. Kf1 Rd2 46. Bc3 Rc2 47. Nd3 Ng2 48. a5 Ne3+ 49. Kg1 Rg2+ 50. Kh1 f2 51. Nxf2 Rxf2 52. Bd4 Rf1+ 53. Kh2 Nc4 54. a6 Nb6 55. b4 Rd1 56. Bc5+ Ke6 0-1